| 000 | 00730 a2200205 4500 | ||
|---|---|---|---|
| 003 | Nust | ||
| 005 | 20250916103058.0 | ||
| 022 | _a9780470646137 | ||
| 040 | _cNust | ||
| 082 | _a510.2462 | ||
| 100 |
_aERWIN KREYSZIG _913321 |
||
| 245 |
_aAdvanced engineering mathematics _cERWIN KREYSZIG |
||
| 250 | _a10th | ||
| 260 |
_bNational book foundation _aLahore _c2011 |
||
| 300 | _avi, 1001p | ||
| 505 | _aOrdinary Differential Equations (ODEs) (Page-1)linear Algebra, Vector Calculus (Page-225)Fourier Analysis. Partial Differential Equations (PDEs) (Page-473)complex Analysis (Page-607)numeric Analysis (Page-785)optimization, Graphs (Page-947). | ||
| 610 |
_aMathematics _9102243 |
||
| 650 | _amathematics | ||
| 942 |
_2ddc _cBK |
||
| 999 |
_c189298 _d189298 |
||